000 00576cam a2200181 4500500
005 20260405002938.0
041 _afre
042 _adc
100 1 0 _aEltchaninoff, Michel
_eauthor
245 0 0 _aMikuláš Minář. Un fils spirituel de Václav Havel ?
260 _c2019.
500 _a2
690 _aMikuláš Minář
690 _aPrague
690 _aVáclav Havel 
786 0 _nPhilosophie magazine | 132 | 9 | 2019-09-01 | p. 3-4 | 1951-1787
856 4 1 _uhttps://shs.cairn.info/magazine-philosophie-magazine-2019-9-page-3?lang=fr&redirect-ssocas=7080
999 _c2062795
_d2062795